[Event "Bezirk EM 2023"]
[Site "bei SWNS"]
[Date "2023.09.06"]
[Round "1.1"]
[White "Heidrich, Manfred"]
[Black "Hofer, Stefan"]
[Result "1-0"]
[WhiteElo "2339"]
[BlackElo "1989"]
[PlyCount "149"]
[EventDate "2023.??.??"]
[WhiteTeam "SC Forchheim"]
[BlackTeam "TSV Cadolzburg"]

1. e4 e5 2. Nf3 Nc6 3. d4 exd4 4. Nxd4 Nf6 5. Nxc6 bxc6 6. e5 Qe7 7. Qe2 Nd5 8.
c4 Ba6 9. b3 g6 10. Bb2 Bg7 11. g3 O-O 12. Bg2 Rae8 13. O-O Bxe5 14. Qxe5 Qxe5
15. Bxe5 Rxe5 16. cxd5 Bxf1 17. Kxf1 cxd5 18. Nc3 c6 19. Rd1 a5 20. Na4 Ra8 21.
Nc5 Ra7 22. Bf3 Kf8 23. Rd4 Re8 24. Ra4 Rea8 25. Ke2 Ke7 26. Rh4 Kd6 27. Nd3
Re8+ 28. Kd2 Rh8 29. Rd4 Re8 30. h4 h5 31. Nb2 Rb8 32. Kc3 Rb4 33. Rd1 Rb8 34.
Re1 Raa8 35. Nd3 Re8 36. Rc1 Reb8 37. Re1 Re8 38. Rd1 Rab8 39. Nb2 Kc5 40. Rd4
Ra8 41. Rf4 Re7 42. Rf6 Kb6 43. Bxd5 Rf8 44. Bf3 Re6 45. Rf4 d5 46. Nd3 Rd6 47.
Ne5 f5 48. Rd4 Rff6 49. Nd3 Rfe6 50. Kd2 Re8 51. Nf4 Kc5 52. Kc3 Kb6 53. Rd1
Kc5 54. Nd3+ Kb5 55. Kd4 Re7 56. Rc1 Kb6 57. Nc5 Re8 58. Na4+ Kb5 59. a3 Ka6
60. Bg2 Kb7 61. Nc5+ Kb6 62. Bf1 Re7 63. Bd3 Re8 64. Na4+ Kb7 65. Rc5 Ra8 66.
Ke5 Kc7 67. Rc1 Re8+ 68. Kf4 Rb8 69. Nc5 Re8 70. Kg5 Kb6 71. Bf1 f4 72. gxf4
Rf8 73. Bd3 d4 74. Be4 Rfd8 75. Nd3 1-0

[Event "Bezirk EM 2023"]
[Site "bei SWNS"]
[Date "2023.09.06"]
[Round "1.2"]
[White "Shaiar, Khalil"]
[Black "Albert, Markus"]
[Result "0-1"]
[WhiteElo "1984"]
[BlackElo "2222"]
[PlyCount "90"]
[EventDate "2023.??.??"]
[WhiteTeam "SC Bechhofen"]
[BlackTeam "SC Ansbach 1855"]

1. d4 d6 2. e4 Nf6 3. Nc3 e5 4. dxe5 dxe5 5. Qxd8+ Kxd8 6. Bg5 Be6 7. O-O-O+
Nbd7 8. f4 exf4 9. e5 h6 10. Bh4 g5 11. exf6 gxh4 12. Nf3 Kc8 13. Nxh4 Nxf6 14.
Bd3 Bc5 15. h3 Rg8 16. Kb1 c6 17. Ne4 Nxe4 18. Bxe4 Kc7 19. Nf5 Rg5 20. Nd4 Bd7
21. Rhf1 Re8 22. Bf3 Rg3 23. c3 Re3 24. Kc1 a5 25. a4 Rg5 26. Ne2 Re7 27. Nd4
Bc8 28. Rfe1 Rge5 29. Rxe5 Rxe5 30. Kd2 Bxd4 31. cxd4 Re3 32. Re1 Rxe1 33. Kxe1
Kd6 34. Kd2 Be6 35. Be2 Bd5 36. Bf1 Bb3 37. Be2 Bxa4 38. Kc3 b5 39. b4 axb4+
40. Kxb4 Bc2 41. Bf3 f5 42. Be2 Be4 43. Bf1 Kd5 44. Kc3 b4+ 45. Kxb4 Kxd4 0-1

[Event "Bezirk EM 2023"]
[Site "bei SWNS"]
[Date "2023.09.06"]
[Round "1.3"]
[White "Ammon, Tobias"]
[Black "Zeltner, Ottmar"]
[Result "1/2-1/2"]
[WhiteElo "2140"]
[BlackElo "1982"]
[PlyCount "112"]
[EventDate "2023.??.??"]
[WhiteTeam "SV Altensittenbach"]
[BlackTeam "SK Rothenburg"]

1. e4 e5 2. Nf3 Nc6 3. d4 exd4 4. Nxd4 Nf6 5. Nxc6 bxc6 6. e5 Nd5 7. c4 Nb6 8.
Nc3 Bb4 9. Bd3 Qh4 10. O-O Bxc3 11. bxc3 O-O 12. Re1 d5 13. exd6 cxd6 14. Qf3
Be6 15. Re4 Qf6 16. Rf4 Qe5 17. Bd2 Rae8 18. Re1 Qa5 19. Rh4 g6 20. Qf4 f5 21.
Rxh7 Bf7 22. Qh6 Rxe1+ 23. Bxe1 Qe5 24. Bd2 Re8 25. h4 Re6 26. Rxf7 Kxf7 27. h5
Qg7 28. Qg5 Qe5 29. Qh6 Qg7 30. Qf4 Qe5 31. hxg6+ Rxg6 32. Qf3 Rf6 33. Qxc6 d5
34. Qb7+ Qe7 35. Qxe7+ Kxe7 36. Bg5 dxc4 37. Bxf5 Na4 38. Bh7 Nxc3 39. Bg8 Nxa2
40. Bxc4 Nb4 41. Kf1 a5 42. Bb3 Nd3 43. Ke2 Nc5 44. Bc4 a4 45. Ke3 a3 46. Bxf6+
Kxf6 47. Kd4 Nd7 48. Ba2 Kg5 49. Ke3 Nf6 50. f3 Nh5 51. Bb3 Nf4 52. g3 Nh5 53.
Kf2 Ng7 54. Ba2 Nf5 55. Bc4 Nd4 56. Ke3 Nc2+ 1/2-1/2

[Event "Bezirk EM 2023"]
[Site "bei SWNS"]
[Date "2023.09.06"]
[Round "1.4"]
[White "Meulner, Fabian"]
[Black "Böhme, Sebastian"]
[Result "0-1"]
[WhiteElo "1971"]
[BlackElo "2149"]
[PlyCount "76"]
[EventDate "2023.??.??"]
[WhiteTeam "SC Jäklechemie"]
[BlackTeam "SC Erlangen"]

1. c4 e6 2. g3 d5 3. Bg2 d4 4. Nf3 c5 5. O-O Ne7 6. d3 Nec6 7. Na3 Be7 8. Nc2
O-O 9. e4 e5 10. Rb1 Be6 11. Nfe1 a6 12. f4 f6 13. Nf3 b5 14. b3 Nd7 15. Nh4
bxc4 16. bxc4 Qa5 17. Nf5 Kh8 18. Bd2 Qxa2 19. Ra1 Qb3 20. Ra3 Qb2 21. Bc1 Qb6
22. Qh5 g6 23. Qf3 gxf5 24. exf5 Bxf5 25. Qxc6 Qxc6 26. Bxc6 Ra7 27. fxe5 Nxe5
28. Rxf5 Nxc6 29. Bf4 a5 30. Rb3 a4 31. Rb6 Nb4 32. Na3 Nxd3 33. Bh6 Rd8 34.
Rd5 Rad7 35. Rxd7 Rxd7 36. Ra6 Nb2 37. Bc1 d3 38. Bd2 Rb7 0-1

[Event "Bezirk EM 2023"]
[Site "bei SWNS"]
[Date "2023.09.06"]
[Round "1.5"]
[White "Böhme, Markus"]
[Black "Bruss, Robert"]
[Result "1-0"]
[WhiteElo "2127"]
[BlackElo "1854"]
[PlyCount "87"]
[EventDate "2023.??.??"]
[WhiteTeam "SC Uttenreuth"]
[BlackTeam "SV Altensittenbach"]

1. d4 Nf6 2. c4 e6 3. Nf3 b6 4. Nc3 Bb4 5. Bg5 Bb7 6. e3 O-O 7. Bd3 d6 8. Rc1
Nbd7 9. O-O Bxc3 10. Rxc3 e5 11. Nd2 Qe8 12. b4 e4 13. Be2 c5 14. bxc5 dxc5 15.
a4 Qe6 16. Rb3 Qf5 17. Bh4 cxd4 18. exd4 Bc6 19. Ra3 Rfe8 20. Nb3 Nf8 21. d5
Bd7 22. Bg3 Qg5 23. Nd4 Ng6 24. f4 exf3 25. Bxf3 Ne5 26. Be2 Neg4 27. Bf4 Qg6
28. h3 Ne5 29. Rg3 Qe4 30. Re3 Bxa4 31. Rxe4 Bxd1 32. Rxe5 Bxe2 33. Rxe2 Rxe2
34. Nxe2 b5 35. cxb5 Nxd5 36. Bg3 f6 37. Ra1 Kf8 38. Nd4 Ke8 39. Nc6 a5 40.
bxa6 Kd7 41. Nd4 Kc8 42. Nb5 Nb4 43. Rc1+ Kd8 44. a7 1-0

[Event "Bezirk EM 2023"]
[Site "bei SWNS"]
[Date "2023.09.06"]
[Round "1.6"]
[White "Johanni, Harald"]
[Black "Seibold, Hubert"]
[Result "1/2-1/2"]
[WhiteElo "1875"]
[BlackElo "2096"]
[PlyCount "52"]
[EventDate "2023.??.??"]
[WhiteTeam "SGem 1978 Nürnberg"]
[BlackTeam "SK Zirndorf"]

1. c4 e5 2. g3 Nf6 3. Bg2 Bc5 4. e3 Nc6 5. Ne2 d5 6. cxd5 Nxd5 7. a3 a5 8. O-O
Be6 9. d4 exd4 10. exd4 Bb6 11. Nbc3 O-O 12. Ne4 Bg4 13. h3 Bxe2 14. Qxe2 Nxd4
15. Qc4 Ne6 16. Bd2 c6 17. Rad1 Qc7 18. b4 axb4 19. axb4 Qe5 20. Nc5 Bxc5 21.
bxc5 Ndc7 22. Be3 Rfd8 23. Rde1 Qf5 24. Qh4 Nd5 25. Be4 g5 26. Bxf5 gxh4
1/2-1/2

[Event "Bezirk EM 2023"]
[Site "bei SWNS"]
[Date "2023.09.06"]
[Round "1.7"]
[White "Willim, Michael"]
[Black "Pokorny, Klaus"]
[Result "1-0"]
[WhiteElo "2095"]
[BlackElo "1856"]
[PlyCount "81"]
[EventDate "2023.??.??"]
[WhiteTeam "SC Erlangen"]
[BlackTeam "TSV Kirchehrenbach"]

1. d4 Nf6 2. c4 g6 3. Nc3 Bg7 4. e4 d6 5. Nf3 O-O 6. Be2 e5 7. Be3 Nc6 8. d5
Ne7 9. Nd2 c6 10. b4 a5 11. a3 axb4 12. axb4 Rxa1 13. Qxa1 b5 14. dxc6 Nxc6 15.
Qb1 bxc4 16. b5 Nd4 17. Bxc4 Ng4 18. O-O Qh4 19. h3 Nxe3 20. fxe3 Bh6 21. Nd5
Be6 22. Qd3 Bxd5 23. Bxd5 Nxb5 24. Nf3 Qg3 25. Qxb5 Bxe3+ 26. Kh1 g5 27. Qe2
Bc5 28. Qe1 Qxe1 29. Nxe1 Kg7 30. Nd3 Bd4 31. Rb1 h5 32. Rb7 g4 33. Kh2 Kg6 34.
h4 f5 35. Nb4 f4 36. Nc6 Bf2 37. Ne7+ Kh6 38. Nf5+ Kg6 39. Rg7+ Kf6 40. Rh7 Kg6
41. Rh6# 1-0

[Event "Bezirk EM 2023"]
[Site "bei SWNS"]
[Date "2023.09.06"]
[Round "1.8"]
[White "Rieber, Rene"]
[Black "Link, Andreas"]
[Result "1/2-1/2"]
[WhiteElo "1814"]
[BlackElo "2079"]
[PlyCount "59"]
[EventDate "2023.??.??"]
[WhiteTeam "SC Ansbach"]
[BlackTeam "Zabo-Eintracht Nbg."]

1. e4 c5 2. Nf3 d6 3. b3 Nf6 4. e5 Nd5 5. c4 Nc7 6. exd6 Qxd6 7. Bb2 Nc6 8. d4
cxd4 9. Nxd4 Bd7 10. Be2 e5 11. Nxc6 Bxc6 12. Qxd6 Bxd6 13. f3 Ne6 14. Ba3
O-O-O 15. Bxd6 Rxd6 16. Nc3 Nd4 17. Rd1 Rhd8 18. Kf2 f5 19. Bd3 g6 20. Rhe1 Re8
21. b4 Rde6 22. b5 Bd7 23. c5 Rf8 24. Bc4 Ree8 25. a4 f4 26. Ne4 Nf5 27. Nd6+
Nxd6 28. Rxd6 Re7 29. Red1 Bf5 30. c6 1/2-1/2

[Event "Bezirk EM 2023"]
[Site "bei SWNS"]
[Date "2023.09.06"]
[Round "1.9"]
[White "Redzepovic, Irfan"]
[Black "Vennemann, Jürgen"]
[Result "1/2-1/2"]
[WhiteElo "2074"]
[BlackElo "1879"]
[PlyCount "108"]
[EventDate "2023.??.??"]
[WhiteTeam "SW Nürnberg Süd"]
[BlackTeam "SC Hersbruck"]

1. d4 d6 2. e4 Nf6 3. Nc3 e5 4. Nf3 Nbd7 5. Bc4 Be7 6. Ng5 O-O 7. f4 c6 8. Bb3
b5 9. a3 exd4 10. Qxd4 c5 11. Qe3 c4 12. Ba2 a6 13. Qe2 h6 14. Nf3 Bb7 15. O-O
Re8 16. b3 Nxe4 17. Nxe4 Bxe4 18. Qxe4 Bf6 19. Ne5 dxe5 20. Rb1 exf4 21. Qxf4
cxb3 22. Rxb3 Nc5 23. Rg3 Qd4+ 24. Qxd4 Bxd4+ 25. Kh1 Re7 26. c3 Be5 27. Re3
Rd8 28. g3 Rd3 29. Re2 Na4 30. Bb1 Rxc3 31. Bd2 Rc8 32. Bb4 Ree8 33. Ba2 Bf6
34. Rd2 Nc3 35. Bb3 Ne4 36. Rd7 Ng5 37. Bd2 Rcd8 38. Rxd8 Rxd8 39. Ba5 Rd3 40.
Rb1 Bc3 41. Bb6 Rd2 42. Rf1 Bd4 43. h4 Ne4 44. Bxf7+ Kh8 45. Bc7 Rf2 46. Rxf2
Bxf2 47. Kg2 Bc5 48. Bd5 Nc3 49. Bb7 Bxa3 50. Bxa6 b4 51. Bc4 Ne4 52. Bd3 Nc5
53. Bb1 b3 54. Bd6 Bb4 1/2-1/2

[Event "Bezirk EM 2023"]
[Site "bei SWNS"]
[Date "2023.09.06"]
[Round "1.10"]
[White "Schalaev, Seryozka"]
[Black "Meulner, Klaus"]
[Result "0-1"]
[WhiteElo "1702"]
[BlackElo "2063"]
[PlyCount "110"]
[EventDate "2023.??.??"]
[WhiteTeam "SC Jäklechemie"]
[BlackTeam "SW Nürnberg Süd"]

1. d4 g6 2. e4 Bg7 3. f4 d5 4. e5 c5 5. c3 cxd4 6. cxd4 Nc6 7. Nc3 h5 8. Nf3
Bg4 9. Be2 e6 10. Ng5 Bxe2 11. Nxe2 Nh6 12. Be3 Nf5 13. Bf2 Qa5+ 14. Qd2 Qxd2+
15. Kxd2 Bf8 16. h3 h4 17. Nf3 Be7 18. g4 hxg3 19. Nxg3 Nh4 20. Nxh4 Bxh4 21.
Rhg1 Kd7 22. b4 Rac8 23. a3 Ne7 24. Rac1 Rxc1 25. Kxc1 Nf5 26. Nxf5 Bxf2 27.
Rf1 gxf5 28. Rxf2 Rxh3 29. a4 Rd3 30. Rd2 Rf3 31. Kc2 Rxf4 32. a5 a6 33. Kb3
Rf3+ 34. Ka4 Rc3 35. Rf2 Rd3 36. Rf4 Rg3 37. Rf2 Rc3 38. Rf4 Rc4 39. Rh4 Ke7
40. Kb3 Rc8 41. Ka4 Rg8 42. Rh3 Rg4 43. Rd3 f6 44. Rh3 Rg7 45. Rc3 fxe5 46.
Rc7+ Kf8 47. Rc8+ Kf7 48. dxe5 Kg6 49. Kb3 f4 50. Kc2 f3 51. Kd3 Rf7 52. Rc1 f2
53. Rf1 Rf4 54. b5 axb5 55. Kc3 Kf5 0-1

[Event "Bezirk EM 2023"]
[Site "bei SWNS"]
[Date "2023.09.06"]
[Round "1.11"]
[White "Kroneder, Christian"]
[Black "Delikatnyi, Denys"]
[Result "1-0"]
[WhiteElo "2047"]
[BlackElo "1542"]
[PlyCount "119"]
[EventDate "2023.??.??"]
[WhiteTeam "SK Schwanstetten"]
[BlackTeam "SC Forchheim"]

1. d4 Nf6 2. Bf4 g6 3. Nc3 d6 4. e4 Bg7 5. Qd2 O-O 6. Bh6 Nbd7 7. h4 e5 8. Bxg7
Kxg7 9. h5 Nxh5 10. Be2 exd4 11. Qxd4+ Qf6 12. Qd2 Qf4 13. Bxh5 Qxd2+ 14. Kxd2
gxh5 15. Rxh5 Ne5 16. Re1 f5 17. f3 Kg6 18. Rh1 f4 19. Nge2 c6 20. Rh4 h5 21.
Reh1 Nc4+ 22. Kc1 Ne3 23. Nxf4+ Kg5 24. g3 Bd7 25. Rxh5+ Kf6 26. Rh7 Rf7 27.
R1h6+ Ke7 28. Ng6+ Ke6 29. Nf4+ Ke7 30. Rxf7+ Kxf7 31. Rh7+ Kf6 32. Rxd7 Rh8
33. Rxd6+ Ke5 34. Re6+ Kd4 35. Nce2+ Kc5 36. Re5+ Kb6 37. Rh5 Rd8 38. Nd3 Nc4
39. b3 Nd6 40. e5 Nf7 41. f4 c5 42. e6 Nd6 43. Nxc5 a5 44. Re5 a4 45. e7 Re8
46. Nd7+ Kc7 47. Nf6 b5 48. Nxe8+ Nxe8 49. Rd5 axb3 50. axb3 b4 51. Rd8 Nf6 52.
e8=Q Nxe8 53. Rxe8 Kc6 54. f5 Kc7 55. f6 Kb7 56. f7 Kb6 57. f8=Q Ka5 58. Qc5+
Ka6 59. Qc6+ Ka5 60. Ra8# 1-0

[Event "Bezirk EM 2023"]
[Site "bei SWNS"]
[Date "2023.09.06"]
[Round "1.12"]
[White "Funk, Benno"]
[Black "König, Oliver"]
[Result "1-0"]
[WhiteElo "1542"]
[BlackElo "2039"]
[PlyCount "95"]
[EventDate "2023.??.??"]
[WhiteTeam "SGem 1882 Fürth"]
[BlackTeam "SF Fürth"]

1. e4 Nc6 2. d4 e5 3. d5 Nce7 4. Nf3 Ng6 5. h4 h5 6. Bg5 Nf6 7. Nc3 Bb4 8. Nd2
Bxc3 9. bxc3 d6 10. Be2 c6 11. c4 cxd5 12. cxd5 Qa5 13. O-O Ng4 14. Nc4 Qc5 15.
g3 Qc7 16. Ne3 f6 17. Nxg4 fxg5 18. Ne3 gxh4 19. Bxh5 Qf7 20. f4 Bh3 21. Ng2
Bxg2 22. Kxg2 Rxh5 23. fxe5 Nf4+ 24. Rxf4 Qg6 25. Qg4 Rg5 26. Qxh4 dxe5 27. Rf5
Rxf5 28. exf5 Qf6 29. Qh8+ Qf8 30. Rh1 O-O-O 31. Qxf8 Rxf8 32. g4 Kd7 33. Kf3
Kd6 34. Rh7 Rf7 35. Ke4 Rc7 36. g5 Rc4+ 37. Kd3 Rf4 38. Rxg7 Rxf5 39. g6 Rg5
40. Ke4 Rg4+ 41. Kf3 Rg1 42. c4 Kc5 43. Rg8 Kd4 44. d6 e4+ 45. Kf2 Rd1 46. d7
e3+ 47. Ke2 Rd2+ 48. Ke1 1-0

[Event "Bezirk EM 2023"]
[Site "bei SWNS"]
[Date "2023.09.06"]
[Round "1.13"]
[White "Röschinger, Udo"]
[Black "Süß, Helmut"]
[Result "1/2-1/2"]
[WhiteElo "2015"]
[BlackElo "1793"]
[PlyCount "60"]
[EventDate "2023.??.??"]
[WhiteTeam "SC Heilsbronn"]
[BlackTeam "SC Noris-Tarrasch Nürnberg"]

1. e4 g6 2. c4 Bg7 3. Nc3 c5 4. g3 Nc6 5. Bg2 d6 6. Nge2 e6 7. O-O Nge7 8. d3
Nd4 9. Be3 Nec6 10. Qd2 a6 11. Bh6 O-O 12. Bxg7 Kxg7 13. f4 Nxe2+ 14. Nxe2 e5
15. h3 Nd4 16. Nc3 f6 17. Rf2 Be6 18. Rb1 b5 19. b3 b4 20. Nd1 Ra7 21. Ne3 g5
22. Rbf1 gxf4 23. gxf4 Qe8 24. f5 Bg8 25. Nc2 Nxc2 26. Qxc2 Qh5 27. Bf3 Qh6 28.
Qc1 Qxc1 29. Rxc1 Kh6 30. Rg2 Rg7 1/2-1/2

[Event "Bezirk EM 2023"]
[Site "bei SWNS"]
[Date "2023.09.06"]
[Round "1.14"]
[White "Lorenz, Mathias"]
[Black "Kanewski, Josef"]
[Result "0-1"]
[WhiteElo "1774"]
[BlackElo "2009"]
[PlyCount "86"]
[EventDate "2023.??.??"]
[WhiteTeam "SK Schwanstetten"]
[BlackTeam "SW Nürnberg Süd"]

1. e4 c5 2. Nf3 Nc6 3. d4 cxd4 4. Nxd4 Nf6 5. Nc3 e5 6. Nxc6 bxc6 7. Bg5 Bb4 8.
Qf3 d5 9. O-O-O d4 10. Bxf6 Qxf6 11. Qxf6 gxf6 12. Ne2 f5 13. f3 fxe4 14. fxe4
Be6 15. Rd3 a5 16. c3 dxc3 17. Nxc3 Ke7 18. b3 Rhd8 19. Kc2 Rd4 20. Be2 Rad8
21. Rhd1 Bxc3 22. Kxc3 c5 23. Rxd4 exd4+ 24. Kc2 Kd6 25. Rc1 a4 26. Bc4 Ke5 27.
Kd3 axb3 28. axb3 Kd6 29. Rf1 Rb8 30. Re1 Bxc4+ 31. bxc4 Rb3+ 32. Kc2 Rc3+ 33.
Kd2 Rxc4 34. Rf1 Ra4 35. Rxf7 c4 36. Rf5 Ra2+ 37. Kd1 d3 38. Rd5+ Kc6 39. Rd4
Kc5 40. Rd5+ Kb4 41. Kc1 Kc3 42. Kb1 Rb2+ 43. Kc1 Rxg2 0-1

[Event "Bezirk EM 2023"]
[Site "bei SWNS"]
[Date "2023.09.06"]
[Round "1.15"]
[White "Erlbeck, Peter"]
[Black "Gottlieb, Michael"]
[Result "1-0"]
[WhiteElo "2007"]
[BlackElo "1653"]
[PlyCount "71"]
[EventDate "2023.??.??"]
[WhiteTeam "SW Nürnberg Süd"]
[BlackTeam "SV Postbauer"]

1. e4 e5 2. Nf3 Nc6 3. Bb5 a6 4. Bxc6 dxc6 5. O-O Bg4 6. h3 h5 7. d3 Qf6 8. Be3
Ne7 9. Nbd2 Bd7 10. d4 Ng6 11. Qe2 Be7 12. Nc4 Bd6 13. Rad1 Qe7 14. dxe5 Nxe5
15. Nfxe5 Bxe5 16. f4 Bf6 17. e5 Bh4 18. Bf2 Bxf2+ 19. Qxf2 g6 20. b3 c5 21.
Ne3 c6 22. Nc4 O-O 23. Nd6 b6 24. Ne4 Kg7 25. Rd6 Rfd8 26. Nf6 Rac8 27. Qg3 Bf5
28. Nxh5+ Kh6 29. Nf6 Kg7 30. Rfd1 Bxc2 31. Qh4 Rh8 32. Nh5+ Kf8 33. Rd8+ Qe8
34. Rxc8 Bxd1 35. Rxe8+ Kxe8 36. Nf6+ 1-0

[Event "Bezirk EM 2023"]
[Site "bei SWNS"]
[Date "2023.09.07"]
[Round "2.1"]
[White "Meulner, Klaus"]
[Black "Heidrich, Manfred"]
[Result "1/2-1/2"]
[WhiteElo "2063"]
[BlackElo "2339"]
[PlyCount "39"]
[EventDate "2023.??.??"]
[WhiteTeam "SW Nürnberg Süd"]
[BlackTeam "SC Forchheim"]

1. Nf3 f5 2. d3 Nc6 3. e4 e5 4. Nc3 Nf6 5. exf5 d5 6. d4 e4 7. Ne5 Bxf5 8. Bb5
Bd7 9. Bg5 Bb4 10. Bxf6 Qxf6 11. Qh5+ g6 12. Nxd7 Kxd7 13. Qxd5+ Qd6 14. Qc4 a6
15. Bxc6+ bxc6 16. O-O Bxc3 17. Qf7+ Qe7 18. Qxe7+ Kxe7 19. bxc3 Kd6 20. Rab1
1/2-1/2

[Event "Bezirk EM 2023"]
[Site "bei SWNS"]
[Date "2023.09.07"]
[Round "2.2"]
[White "Albert, Markus"]
[Black "Kroneder, Christian"]
[Result "1-0"]
[WhiteElo "2222"]
[BlackElo "2047"]
[PlyCount "41"]
[EventDate "2023.??.??"]
[WhiteTeam "SC Ansbach 1855"]
[BlackTeam "SK Schwanstetten"]

1. Nc3 c5 2. Nf3 Nf6 3. e4 d6 4. d4 cxd4 5. Nxd4 a6 6. Bg5 e6 7. Qe2 h6 8. Be3
e5 9. Nb3 Be6 10. O-O-O b5 11. f3 Nbd7 12. g4 Be7 13. h4 b4 14. Nd5 Bxd5 15.
exd5 Nb6 16. f4 exf4 17. Bxf4 Nbxd5 18. Bg3 Qd7 19. Bg2 Qe6 20. Qd3 O-O 21. g5
1-0

[Event "Bezirk EM 2023"]
[Site "bei SWNS"]
[Date "2023.09.07"]
[Round "2.3"]
[White "Kanewski, Josef"]
[Black "Böhme, Markus"]
[Result "0-1"]
[WhiteElo "2009"]
[BlackElo "2127"]
[PlyCount "138"]
[EventDate "2023.??.??"]
[WhiteTeam "SW Nürnberg Süd"]
[BlackTeam "SC Uttenreuth"]

1. d4 d5 2. c4 e6 3. Nc3 Nf6 4. cxd5 exd5 5. Bg5 Be7 6. e3 c6 7. Bd3 O-O 8. Qc2
h6 9. Bxf6 Bxf6 10. Nf3 Be6 11. O-O Nd7 12. b4 a5 13. Rab1 axb4 14. Rxb4 b5 15.
a4 Qa5 16. Rfb1 Be7 17. R4b2 bxa4 18. Ra1 a3 19. Rb3 c5 20. Rb5 Qa7 21. dxc5
Nxc5 22. Nd4 Rfc8 23. Bf5 Bf6 24. Rb4 Bxf5 25. Qxf5 Na6 26. Rb3 Bxd4 27. exd4
Qxd4 28. Qxd5 Qxd5 29. Nxd5 Rc5 30. Nc3 Nc7 31. Raxa3 Rxa3 32. Rxa3 Nd5 33. Ne2
Rc2 34. Kf1 Nf6 35. Ra8+ Kh7 36. f3 Nd5 37. Rd8 Ne3+ 38. Kf2 Nxg2 39. Rd4 g5
40. Kxg2 Rxe2+ 41. Kg3 f5 42. h4 Kg6 43. hxg5 hxg5 44. Rd6+ Kh5 45. Ra6 Rb2 46.
Ra5 f4+ 47. Kh3 Rb3 48. Kg2 Rb2+ 49. Kh3 Rf2 50. Ra3 Kg6 51. Ra6+ Kf5 52. Ra5+
Kf6 53. Ra6+ Ke5 54. Ra5+ Kd4 55. Kg4 Rg2+ 56. Kf5 Ke3 57. Ra3+ Kf2 58. Ke4 Kg3
59. Kf5 Rf2 60. Kxg5 Rxf3 61. Ra8 Rb3 62. Kf5 f3 63. Rg8+ Kh2 64. Rh8+ Kg2 65.
Rg8+ Kf1 66. Kf4 f2 67. Rg7 Ke2 68. Re7+ Kd2 69. Rd7+ Rd3 0-1

[Event "Bezirk EM 2023"]
[Site "bei SWNS"]
[Date "2023.09.07"]
[Round "2.4"]
[White "Blumenthal, Benjamin"]
[Black "Willim, Michael"]
[Result "0-1"]
[WhiteElo "1790"]
[BlackElo "2095"]
[PlyCount "122"]
[EventDate "2023.??.??"]
[WhiteTeam "SC N-T Nürnberg"]
[BlackTeam "SC Erlangen"]

1. c4 c5 2. g3 Nc6 3. Bg2 g6 4. Nc3 Bg7 5. Nf3 e6 6. e3 Nge7 7. d4 cxd4 8. exd4
d5 9. cxd5 Nxd5 10. O-O Nde7 11. Be3 O-O 12. Qd2 Nf5 13. Rad1 Nxe3 14. Qxe3 Qb6
15. Rd2 Ne7 16. Rfd1 Rd8 17. Ne5 Nf5 18. Qe4 f6 19. Nc4 Qb4 20. Ne3 Bh6 21. f4
Nd6 22. Qd3 Bd7 23. a3 Qb6 24. Nc4 Nxc4 25. Qxc4 Rac8 26. Qa2 Kh8 27. Kh1 Be8
28. d5 e5 29. Rf1 exf4 30. gxf4 Bf7 31. Qb1 f5 32. Qe1 Re8 33. Qh4 Bg7 34. Qg3
Rcd8 35. Rfd1 a6 36. Qf2 Qd6 37. Rd3 b5 38. Qd2 Bh6 39. Ne2 Re7 40. Rd4 Bg7 41.
Rd3 Rde8 42. Nc3 Bh6 43. Rf1 Rb8 44. Na2 Rbe8 45. Nc3 Rc8 46. Na2 Rc4 47. Rd4
Re2 48. Qxe2 Rxd4 49. Qe5+ Qxe5 50. fxe5 Bxd5 51. Bxd5 Rxd5 52. Re1 Kg8 53. Nb4
Rd2 54. e6 Kf8 55. Nxa6 Bf4 56. Nc5 Rxh2+ 57. Kg1 Rc2 58. e7+ Ke8 59. Nd7 Bg5
60. Nb6 Rc1 61. Rxc1 Bxc1 0-1

[Event "Bezirk EM 2023"]
[Site "bei SWNS"]
[Date "2023.09.07"]
[Round "2.5"]
[White "Vennemann, Jürgen"]
[Black "Ammon, Tobias"]
[Result "0-1"]
[WhiteElo "1879"]
[BlackElo "2140"]
[PlyCount "108"]
[EventDate "2023.??.??"]
[WhiteTeam "SC Hersbruck"]
[BlackTeam "SV Altensittenbach"]

1. e4 c6 2. d3 d5 3. Nd2 e5 4. Ngf3 Bd6 5. Be2 Nf6 6. O-O O-O 7. c3 Re8 8. Re1
Nbd7 9. Qc2 a5 10. a4 Qc7 11. Nf1 b6 12. Ng3 g6 13. h3 Bb7 14. Bh6 Bf8 15. Be3
Rac8 16. Rad1 c5 17. Bc1 d4 18. c4 Bg7 19. Nh2 h5 20. Rf1 Rf8 21. f4 exf4 22.
Bxf4 Ne5 23. Nf3 Nfd7 24. Nxe5 Nxe5 25. Rf2 Rce8 26. Qd2 Bc8 27. Nf1 Kh7 28.
Nh2 Qe7 29. Rdf1 Bd7 30. b3 f6 31. Qd1 Bh6 32. Bxh6 Kxh6 33. g4 h4 34. Rxf6
Qxf6 35. Rxf6 Rxf6 36. g5+ Kxg5 37. Qd2+ Rf4 38. Bg4 Bxg4 39. hxg4 Ref8 40. Kg2
Nxg4 41. Nxg4 Kxg4 42. Qe2+ Kg5 43. Kg1 Rf1+ 44. Kg2 R1f2+ 45. Qxf2 Rxf2+ 46.
Kxf2 Kf4 47. Kg2 g5 48. Kh2 g4 49. Kg2 g3 50. Kf1 h3 51. Kg1 h2+ 52. Kg2 Kg4
53. Kh1 Kh3 54. e5 g2# 0-1

[Event "Bezirk EM 2023"]
[Site "bei SWNS"]
[Date "2023.09.07"]
[Round "2.6"]
[White "Seibold, Hubert"]
[Black "Funk, Benno"]
[Result "1-0"]
[WhiteElo "2096"]
[BlackElo "1542"]
[PlyCount "99"]
[EventDate "2023.??.??"]
[WhiteTeam "SK Zirndorf"]
[BlackTeam "SGem 1882 Fürth"]

1. Nf3 d5 2. c4 e6 3. g3 Nf6 4. Bg2 Be7 5. O-O O-O 6. b3 c6 7. Bb2 Nbd7 8. d4
b6 9. Nbd2 Bb7 10. Ne5 Nxe5 11. dxe5 Nd7 12. e4 dxc4 13. Nxc4 Ba6 14. Qc2 Qc7
15. f4 Rac8 16. Rfd1 Bxc4 17. Qxc4 b5 18. Qc2 Rfd8 19. Rac1 c5 20. Bf1 Qc6 21.
Bc3 Qb6 22. Kg2 Nb8 23. Rxd8+ Rxd8 24. Qe2 b4 25. Be1 Nc6 26. Bf2 Nd4 27. Qa6
g6 28. h4 h5 29. Rd1 Kf8 30. Bxd4 Qxa6 31. Bxa6 Rxd4 32. Bd3 a5 33. Kf3 Ke8 34.
Ke2 Kf8 35. Rc1 Ke8 36. Ke3 Kd8 37. Bc4 Ke8 38. Rf1 Kd7 39. Rh1 Ke8 40. Rf1 Kd7
41. f5 exf5 42. exf5 Rg4 43. Rf3 f6 44. fxg6 fxe5 45. Bf7 e4 46. Rf5 Rxg3+ 47.
Kxe4 Rg4+ 48. Kf3 Kd8 49. Rxh5 Rg1 50. Rh8+ 1-0

[Event "Bezirk EM 2023"]
[Site "bei SWNS"]
[Date "2023.09.07"]
[Round "2.7"]
[White "Böhme, Sebastian"]
[Black "Erlbeck, Peter"]
[Result "1-0"]
[WhiteElo "2149"]
[BlackElo "2007"]
[PlyCount "81"]
[EventDate "2023.??.??"]
[WhiteTeam "SC Erlangen"]
[BlackTeam "SW Nürnberg Süd"]

1. d4 f5 2. Bf4 Nf6 3. e3 g6 4. h4 h6 5. Qf3 d6 6. Qg3 Kf7 7. Bc4+ e6 8. Nc3
Nh5 9. Qf3 Nxf4 10. exf4 c6 11. h5 g5 12. fxg5 Qxg5 13. Nh3 Qg4 14. Qe3 Bg7 15.
f4 Bf6 16. Nf2 Bh4 17. Kf1 Bxf2 18. Kxf2 Rg8 19. Rag1 Na6 20. Be2 Qg7 21. g4
fxg4 22. Rxg4 Qf6 23. Ne4 Qe7 24. Rxg8 Kxg8 25. Rg1+ Kf8 26. Qg3 Qf7 27. Nxd6
Qf6 28. Qg8+ Ke7 29. Nxc8+ Rxc8 30. Qxc8 Qxf4+ 31. Bf3 Qd2+ 32. Kf1 Qc1+ 33.
Kg2 Qg5+ 34. Kf2 Qd2+ 35. Kg3 Qg5+ 36. Bg4 Qe3+ 37. Kh2 Qf2+ 38. Rg2 Qh4+ 39.
Bh3 Qf4+ 40. Rg3 Nc7 41. Qxb7 1-0

[Event "Bezirk EM 2023"]
[Site "bei SWNS"]
[Date "2023.09.07"]
[Round "2.8"]
[White "Gottlieb, Michael"]
[Black "Meulner, Fabian"]
[Result "0-1"]
[WhiteElo "1653"]
[BlackElo "1971"]
[PlyCount "76"]
[EventDate "2023.??.??"]
[WhiteTeam "SV Postbauer"]
[BlackTeam "SC Jäklechemie"]

1. e4 g6 2. d4 Bg7 3. Nc3 c6 4. Be3 d5 5. Qd2 dxe4 6. Nxe4 Nd7 7. Be2 Ngf6 8.
f3 Nb6 9. O-O-O Qd5 10. Nc3 Qa5 11. Bd3 Be6 12. Kb1 Bc4 13. Nge2 Nfd5 14. Bf2
Nb4 15. Nc1 O-O-O 16. Bxc4 Nxc4 17. Qe1 Qf5 18. Qe4 Nd6 19. Qxf5+ Nxf5 20. N3e2
Nd5 21. Ng3 Nfe3 22. Rdg1 Bxd4 23. Re1 Nxc2 24. Bxd4 Nxd4 25. Ne4 Ne6 26. Nb3
b6 27. Rc1 Kb7 28. Rhe1 Nef4 29. Rc2 Ne6 30. g3 h6 31. a3 Ng5 32. Nxg5 hxg5 33.
Nc1 f6 34. Ka2 e5 35. Kb3 Ne7 36. a4 Nf5 37. Kc3 Rd5 38. b3 Rc5+ 0-1